ბათუმის შოთა რუსთაველის სახელმწიფო უნივერსიტეტის ბიბლიოთეკა

საქართველოს ტერიტორიული მოწყობის პრობლემათა გადაწყვეტის გზები ბელგიისა და ესპანეთის ტერიტორიული მოწყობის შედარებით-სამართლებრივი ანალიზის ფონზე = The Ways of Solving Problems of Territorial Organization of Georgia Through the Comparative- Legal Analysis of Territorial Organization of Belgium and Spain / (ბიბ.ჩანაწერი № 52697)

000 -ლიდერი
ფიქსირებული სიგრძის საკონტროლო ველი 02497nam a2200253Ia 4500
001 - საკონტროლო ნომერი
საკონტროლო ველი 19722
003 - საკონტროლო ნომრის იდენტიფიკატორი
საკონტროლო ველი GE_BSU
005 - ბოლო ოპერაციის თარიღი და დრო
საკონტროლო ველი 20200409190603.0
008 - ფიქსირებული სიგრძის მონაცემთა ელემენტები - ზოგადი ინფორმაცია
ფიქსირებული სიგრძის საკონტროლო ველი 181216s2017||||ge |||||||||||||| ||geo||
040 ## - კატალოგიზაციის წყარო
Transcribing agency GE_BSU
041 ## - ენის კოდი
Language code of text/sound track or separate title geo
080 ## - უნივერსალური ათობითი კლასიფიკაციის ინდექსი
Universal Decimal Classification number 342.4 ჯ-20
100 ## - მთავარი ჩანაწერი - პიროვნების სახელი
Personal name ჯანაშვილი, ლელა
9 (RLIN) 7879
245 ## - ცნობა სათაურის შესახებ
Title საქართველოს ტერიტორიული მოწყობის პრობლემათა გადაწყვეტის გზები ბელგიისა და ესპანეთის ტერიტორიული მოწყობის შედარებით-სამართლებრივი ანალიზის ფონზე = The Ways of Solving Problems of Territorial Organization of Georgia Through the Comparative- Legal Analysis of Territorial Organization of Belgium and Spain /
Statement of responsibility, etc ლელა ჯანაშვილი ; გიორგი გოგიაშვილი.
264 ## - წარმოების, გამოცემის, დისტრიბუციის და სხვა ცნობები
გამოცემის, წარმოების, დისტრიბუციის... ადგილი თბილისი :
გამოცემის, წარმოების, დისტრიბუციის... სახელწოდება გ.გ.,
გამოცემის, წარმოების, დისტრიბუციის... თარიღი 2017.
300 ## - ფიზიკური აღწერა
Extent 231გვ. ;
Dimensions 19 სმ.
500 ## - ზოგადი შენიშვნა
General note კვლევა განხორციელდა შოთა რუსთაველის ეროვნული სამეცნიერო ფონდის ფუნდამენტალური კვლევების სამეცნიერო გრანტის ფარგლებში
653 ## - INDEX TERM--UNCONTROLLED
Uncontrolled term სამართალი
653 ## - INDEX TERM--UNCONTROLLED
Uncontrolled term საქართველოს ტერიტორიული მოწყობის პრობლემათა გადაწყვეტის გზები ბელგიისა და ესპანეთის ტერიტორიული მოწყობის შედარებით-სამართლებრივი ანალიზი
700 ## - ADDED ENTRY--PERSONAL NAME
Personal name გოგიაშვილი, გიორგი
Relator term ავტორი
9 (RLIN) 7880
710 ## - ADDED ENTRY--CORPORATE NAME
Corporate name or jurisdiction name as entry element ბარსელონას ავტონომიური უნივერსიტეტის საჯარო სამართლისა და პოლიტიკურ მეცნიერებათა დეპარტამენტი
9 (RLIN) 7881
710 ## - ADDED ENTRY--CORPORATE NAME
Corporate name or jurisdiction name as entry element ბრიუსელის თავისუფალი უნივერსიტეტის პოლიტიკურ მეცნიერებათა დეპარტამენტი
9 (RLIN) 7882
942 ## - ADDED ENTRY ELEMENTS (KOHA)
Koha item type წიგნი
Source of classification or shelving scheme
ეგზემპლარები
ჩამოწერის სტატუსი დაკარგული ეგზემპლარის სტატუსი კლასიფიკაციის წყარო ან თაროზე გაწყობის სქემა დაზიანების სტატუსი არ გაიცემა მუდმივი მდებარეობა (დაცვის ადგილი) ამჟამინდელი ადგილსამყოფელი თაროზე განთავსების ადგილი შეძენის თარიღი სრული შენახვის შიფრი შტრიხკოდი ბოლო ოპერაციის თარიღი ეგზემპლარის მიმდევრობითი ნომერი (კეტერი?) ფასის ძალაში შესვლის თარიღი ეგზემპლარის სახეობა
          ბათუმის შოთა რუსთაველის სახელმწიფო უნივერსიტეტის მთავარი ბიბლიოთეკა ბათუმის შოთა რუსთაველის სახელმწიფო უნივერსიტეტის მთავარი ბიბლიოთეკა წიგნსაცავი 2018-12-17 342.4 ჯ-20 52057 2018-12-17 52057 2018-12-17 წიგნი
          ბათუმის შოთა რუსთაველის სახელმწიფო უნივერსიტეტის მთავარი ბიბლიოთეკა ბათუმის შოთა რუსთაველის სახელმწიფო უნივერსიტეტის მთავარი ბიბლიოთეკა წიგნსაცავი 2018-12-17 342.4 ჯ-20 52058 2018-12-17 52058 2018-12-17 წიგნი
          ბათუმის შოთა რუსთაველის სახელმწიფო უნივერსიტეტის მთავარი ბიბლიოთეკა ბათუმის შოთა რუსთაველის სახელმწიფო უნივერსიტეტის მთავარი ბიბლიოთეკა წიგნსაცავი 2018-12-17 342.4 ჯ-20 52059 2018-12-17 52059 2018-12-17 წიგნი